Southville International School and Colleges
Your cart is empty.
  • Cart
  • Lists
    Public lists list_1 View all
    Your lists Log in to create your own lists
  • Log in to your account
  • Your cookies
  • Search history
Southville International School and Colleges
  • Advanced search
  • Recent comments
  • Most popular
  • Libraries

Log in to your account

Log in with GOOGLE


If you do not have an external account, but do have a local account, you can still log in:

  1. Home
  2. MARC view: 240 vocabulary words 4th grade kids need to know /
Normal view MARC view ISBD view

240 vocabulary words 4th grade kids need to know / (Record no. 113032)

[ view plain ]
MARC details
000 -LEADER
fixed length control field 00704nam a2200193 a 4500
001 - CONTROL NUMBER
control field 3005
005 - DATE AND TIME OF LATEST TRANSACTION
control field 20140414131959.0
008 - FIXED-LENGTH DATA ELEMENTS--GENERAL INFORMATION
fixed length control field 060103s19uu xx 00 eng d
020 ## - INTERNATIONAL STANDARD BOOK NUMBER
International Standard Book Number 0-439-28044-3
050 ## - LIBRARY OF CONGRESS CALL NUMBER
Classification number TR 418.4
Item number B35 2004
100 ## - MAIN ENTRY--PERSONAL NAME
Personal name Beech, Linda Ward
245 ## - TITLE STATEMENT
Title 240 vocabulary words 4th grade kids need to know /
Statement of responsibility, etc by Linda Ward Beech.
260 ## - PUBLICATION, DISTRIBUTION, ETC. (IMPRINT)
Place of publication, distribution, etc New York :
Name of publisher, distributor, etc Scholastic Teaching Resources,
Date of publication, distribution, etc 2004.
300 ## - PHYSICAL DESCRIPTION
Extent 80 p. : ill. ; cm.
520 ## - SUMMARY, ETC.
Summary, etc 24 ready-to-reproduce packets that make vocabulary building fun and effective.
650 ## - SUBJECT ADDED ENTRY--TOPICAL TERM
Topical term or geographic name as entry element English language
General subdivision Study and teaching
-- Juvenile literature.
650 ## - SUBJECT ADDED ENTRY--TOPICAL TERM
Topical term or geographic name as entry element Reading
General subdivision Study and teaching
-- Juvenile literature.
Holdings
Withdrawn status Lost status Damaged status Use restrictions Home library Current library Shelving location Date acquired Source of acquisition Cost, normal purchase price Total Checkouts Full call number Barcode Date last seen Price effective from Koha item type
        Munich Library Munich Library Teachers Reference Section 01/03/2006   295.00   TR 418.4 B35 2004 M4498 04/14/2014 04/14/2014 Books

240 vocabulary words 4th grade kids need to know /

APA

Beech L. W., . (2004). 240 vocabulary words 4th grade kids need to know. New York: Scholastic Teaching Resources.

Chicago

Beech Linda Ward, . 2004. 240 vocabulary words 4th grade kids need to know. New York: Scholastic Teaching Resources.

Harvard

Beech L. W., . (2004). 240 vocabulary words 4th grade kids need to know. New York: Scholastic Teaching Resources.

MLA

Beech Linda Ward, . 240 vocabulary words 4th grade kids need to know. New York: Scholastic Teaching Resources. 2004.

  • Place hold
  • Print
  • Cite
  • Add to your cart (remove)
  • Save record
    BIBTEX Dublin Core MARCXML MARC (non-Unicode/MARC-8) MARC (Unicode/UTF-8) MARC (Unicode/UTF-8, Standard) MODS (XML) RIS
  • More searches
    Search for this title in:
    Other Libraries (WorldCat) Other Databases (Google Scholar) Online Stores (Bookfinder.com) Open Library (openlibrary.org)

Exporting to Dublin Core...

SOUTHVILLE LIBRARY

Southville International School and Colleges Library

1281 Tropical Ave. Cor. Luxembourg St., BF Homes International, Las Pinas City

Tel. No. 8256374 / 252358 Loc. 117/146

Powered by Koha